00419nam a2200157 a 45000010005000000030009000050080041000140400028000550820015000831000027000982450045001252600033001703000010002034900033002136500015002465624CO-ViMGA141112s2004 ck r 000 u spa d aCO-ViMGAbspacCO-ViMGA04a306.8 M1771 aMattews, Arlene Modica10aPor que a pesar de todo me case contigo? aBarcelona : bGedisa, c1990 a236 p aExtensión psicológica, 414aMATRIMONIO